LEADER 01222nam a2200241 4500 001 000000352981 003 CaOOAMICUS 005 20230223110226.0 008 230223s2021 it 000 u ita r 020 $a978-88-8071-258-9 040 $aSeMil$bita 100 1 $aSerofili, Maurizio.$0(OLS)http://semarc/name/117176 245 13$aLe Unità Pastorali come esperienze di sinodalità :$bspunti teorico-pratici dal cammino della Diocesi di Reggio Emilia - Guastalla /$cMaurizio Serofilli e Giorgia Gariboldi. 264 1$aReggio Emilia :$bEdizioni San Lorenzo,$c2021. 300 $a185 p. ;$c21 cm 650 4$aUnità pastorali.$0(OLS)http://semarc/subject/45896 700 1 $aGariboldi, Giorgia.$0(OLS)http://semarc/name/117177 850 $aSeMil 852 $aSeMil$W1$xVenegono$y1$m2F I 366$j237634$B244213$CSeMilBibl$Z2$F244213 $81 996 $6020$a978-88-8071-258-9$9(OLS)http://semarc/number/297686 996 $6245$aLe Unità Pastorali come esperienze di sinodalità :$bspunti teorico-pratici dal cammino della Diocesi di Reggio Emilia - Guastalla$9(OLS)http://semarc/title/442952 996 $6264$aReggio Emilia :$bEdizioni San Lorenzo$9(OLS)http://semarc/publisher/33336 LEADER 01010nam a2200241 i 4500 001 000000202689 003 CaOOAMICUS 005 20160427000000.0 008 160427s1987 it u000 u ita u 013 $a181399 040 $aSeMil$bita 100 1 $aRodimzeva, Irina.$0(OLS)http://semarc/name/73209 245 12$aI tesori del Cremlino /$cIrina Rodimzeva, Nikolai Rachmanov, Alfons Raimann. 260 $a[Milano] :$bGiorgio Mondadori,$c1987. 300 $a356 p. :$bin gran parte ill. ;$c33 cm. 650 4$aMosca - Cremlino.$0(OLS)http://semarc/subject/23557 700 1 $aRaimann, Alfons.$0(OLS)http://semarc/name/73211 700 1 $aRachmanov, Nikolai.$0(OLS)http://semarc/name/73210 850 $aSeMil 852 $aSeMil$W1$xVenegono$y1$m5N IX 76$j153189$B153189$CSeMilBibl$Z2$F211848 $81 961 $aLascito: Istituto San Vincenzo 996 $6245$aI tesori del Cremlino$9(OLS)http://semarc/title/293379 996 $6260$a[Milano] :$bGiorgio Mondadori$9(OLS)http://semarc/publisher/55845